01301cam a2200265 a 450000100100000000500170001000800410002702000150006804000250008308200180010810000310012624001190015724501900027626000810046630000280054753401970057550000330077265000450080565100470085065000430089770000290094070000200096970000280098970000180101700001421720200929163526.0050110s2002 ve a 001 0 spa d a9803171836 aDO-SdBNPcDLCdBNPHU a338.98bM578b1 aMesa-Lago, Carmelo,d1934-10aMarket, socialist, and mixed economies. Comparative policy and performance. Chile, Cuba and Costa Rica.lEspañol10aBuscando un modelo económico en América Latina :bmercado, socialista o mixto. Chile, Cuba y Costa Rica /cCarmelo Mesa-Lago ; colaboración de Alberto Arenas de Mesa ... [et al.]. aCaracas :bNueva Sociedad ;bUniversidad Internacional de la Florida,c2002. a681 p. :bil. ;c23 cm. aTraducción del idioma inglés:tMarket, socialist, and mixed economies. comparative policy and performance. Chile, Cuba and Costa Rica.bBaltimore : The Johns Hopkins University Press, 2000 aIncluye índice temático. 4aDesarrollo económicozAmérica Latina 4aAmérica LatinaxCondiciones Económicas 4aModelos económicoszAmérica Latina1 aArenas de Mesa, Alberto.1 aBrenes, Iván.1 aMontecinos, Verónica.1 aSamara, Mark.